ბათუმის შოთა რუსთაველის სახელმწიფო უნივერსიტეტის ბიბლიოთეკა

Регенерация отработанных нефтяных масел (ბიბ.ჩანაწერი № 37118)

000 -LEADER
fixed length control field 00592nam a2200229Ia 4500
001 - CONTROL NUMBER
control field 3074
003 - CONTROL NUMBER IDENTIFIER
control field GE_BSU
008 - FIXED-LENGTH DATA ELEMENTS--GENERAL INFORMATION
fixed length control field 181216s||||||||xx |||||||||||||| ||und||
040 ## - CATALOGING SOURCE
Transcribing agency GE_BSU
080 ## - UNIVERSAL DECIMAL CLASSIFICATION NUMBER
Universal Decimal Classification number 665(075.32)
100 ## - MAIN ENTRY--PERSONAL NAME
Personal name Шашкин,П.И
245 ## - TITLE STATEMENT
Title Регенерация отработанных нефтяных масел
245 ## - TITLE STATEMENT
Statement of responsibility, etc. Ред.К.Ф.Клейманова
250 ## - EDITION STATEMENT
Edition statement Изд 2-ое.Перераб.и доп.
260 ## - PUBLICATION, DISTRIBUTION, ETC.
Place of publication, distribution, etc. М
260 ## - PUBLICATION, DISTRIBUTION, ETC.
Name of publisher, distributor, etc. Химия
260 ## - PUBLICATION, DISTRIBUTION, ETC.
Date of publication, distribution, etc. 1970
300 ## - PHYSICAL DESCRIPTION
Extent 304 стр.
300 ## - PHYSICAL DESCRIPTION
Dimensions 22см
653 ## - INDEX TERM--UNCONTROLLED
Uncontrolled term Химия
942 ## - ADDED ENTRY ELEMENTS (KOHA)
Koha item type წიგნი
ეგზემპლარები
Withdrawn status Lost status Damaged status Not for loan Date acquired Barcode Date last seen Price effective from Koha item type
        2018-12-17 8687 2018-12-17 2018-12-17 წიგნი